|
|
|
|
| LEADER |
00000naa a2200000uu 4500 |
| 001 |
vtls010937803 |
| 003 |
SK-MaSNL |
| 005 |
20260302125751.0 |
| 008 |
210902|1998 xo |||||||||||||||||slo| |
| 015 |
|
|
|a SNBRA
|
| 035 |
|
|
|a (urnnbn)urn:nbn:sk:snk:ar-a0b97h
|
| 035 |
|
|
|a (uuid)e627a9fb-e135-49ca-9fd0-3fd706810eaf
|
| 035 |
|
|
|a urn:nbn:sk:snk-aau1jj
|
| 040 |
|
|
|a SNKBUCL
|b slo
|c SNKBUCL
|e AACR2
|
| 041 |
0 |
|
|a slo
|
| 044 |
|
|
|a xo
|c SK
|
| 100 |
1 |
|
|a Fabrika, Marek,
|d 1971-
|4 aut
|9 11861
|
| 245 |
1 |
0 |
|a INFORMAČNÝ SYSTÉM UŽÍVATEĽA LESA AKO NÁSTROJ OPTIMÁLNEHO OBHOSPODAROVANIA LESOV
|c Marek Fabrika
|
| 773 |
0 |
|
|t Lesy a lesnícky výskum pre tretie tisícročie
|d Zvolen : Lesnícky výskumný ústav, 1998
|g S. 427-431
|z 8088853192
|
| 958 |
|
|
|a OND
|
| 958 |
|
|
|a article11
|
| 958 |
|
|
|a chapter
|
| 999 |
|
|
|c 1295521
|d 1297451
|